000 00590nam a2200265Ia 4500
005 20260306163936.0
008 008 260114s9999 xx 000 0 eng d
020 _a9781529235814
037 _aEBOOK
040 _aCRL
040 _beng
040 _cCRL
041 _2eng
041 _aeng
084 _qCRL
100 _aIreland
245 0 _aProperty In Contemporary Capitalism
260 _bThe Policy Press
260 _c2025
650 _aLaw
856 _uhttps://academic.oup.com/book/59166
942 _cEBOOK
999 _c1712107
_d1712107